| 000 | 00926nam a2200229 i 4500 | ||
|---|---|---|---|
| 001 | 155805 | ||
| 003 | ES-MaACL | ||
| 005 | 20250816062549.0 | ||
| 008 | 040802s1738 xxk |||| | eng d | ||
| 040 |
_aCAM _bspa _cCAM |
||
| 100 | 1 |
_aHutcheson, Francis ( _d1694-1746) _9128104 |
|
| 245 | 1 | 3 |
_aAn inquiry into the original of our ideas of beaury and virtue in two treatises _b: I. Concerning beauty, order, harmony, design, II. Concerning moral good and evil. |
| 250 | _aThe fourth edition corrected. | ||
| 260 |
_aLondon : _bprinted for D. Midwinter, A. Bettesworth and C. Hitch [etc], _c1738. |
||
| 300 |
_aXXI, [1] en bl., [2], 304, [8] p. ; _c8º. |
||
| 594 | _aDedicatoria firmada por Francis Hutcheson. | ||
| 597 | _aSign.: A4, a8, B-U8, X4. | ||
| 650 | 7 |
_aÉtica _2embne _912577 |
|
| 650 | 7 |
_aEstética _2embne _9142387 |
|
| 852 |
_aES-MaACL _jR-3095 _x Olim:F-1540 _z-- Enc. piel |
||
| 999 |
_c155805 _d155805 |
||